• 首页
  • 本馆介绍
  • 公告通知
  • 最新文献
  • 馆藏检索
  • 电子资源
  • 读者导购
  • 参考咨询
  • 我的图书馆
  • 登录
  • 详细信息显示
  • 放入我的书架
  • 预约/预借图书
  • 作者相关作品
  • 分类相关作品
  • 丛书相关作品
  • 出版社相关作品

书目信息

  • 表格格式
  • 工作单格式
  • 卡片格式
题名:
知识产权资产评估及案例分析
    
 
作者: ;北京资产评估协会 编
分册:  
出版信息: 北京   经济科学出版社  2015
页数: 250页
开本: 26cm
丛书名:
单 册:
中图分类: D923.405
科图分类:
主题词: 知识产权--资产评估--案例--中国
电子资源:
ISBN: 978-7-5141-5376-7
000 00847nam0 2200229 450
001 338780
005 20150603151450.90
010    @a978-7-5141-5376-7@dCNY52.00
100    @a20150312d2015 em y0chiy50 ea
101 0  @achi
102    @aCN@b110000
105    @ay z 000yy
106    @ar
200 1  @a知识产权资产评估及案例分析@Azhi shi chan quan zi chan ping gu ji an li fen xi@f北京资产评估协会编
210    @a北京@c经济科学出版社@d2015
215    @a250页@d26cm
330    @a本书共十章, 内容包括: 知识产权资产评估概述、知识产权资产评估对象及其界定、知识产权资产评估方法、知识产权资产出资评估及案例、知识产权资产质押融资评估及案例等。
606 0  @a知识产权@x资产评估@x案例@y中国
690    @aD923.405@v5
711 02 @a北京资产评估协会@Abei jing zi chan ping gu xie hui@4编
801  0 @aCN@b卓展宏图@c20150525
905    @dD923.405@e1248@f5
    
    知识产权资产评估及案例分析/北京资产评估协会编.-北京:经济科学出版社,2015
    250页;26cm
    
    
    ISBN 978-7-5141-5376-7:CNY52.00
    本书共十章, 内容包括: 知识产权资产评估概述、知识产权资产评估对象及其界定、知识产权资产评估方法、知识产权资产出资评估及案例、知识产权资产质押融资评估及案例等。
●
相关链接 在E读中查询图书 在五车中查询图书 在当当中查询图书 在豆瓣中查询图书


正题名:知识产权资产评估及案例分析     索取号:D923.405/1248         预约/预借

序号 登录号 条形码 馆藏地/架位号 状态 备注
1 860498   208604982   第一样本阅览室/ [索取号:D923.405/1248] 在馆    
2 860499   208604991   密集书库-史法系/ [索取号:D923.405/1248] 在馆    
3 860500   208605008   第一借阅区/ [索取号:D923.405/1248] 在馆    
4 860501   208605017   第一借阅区/ [索取号:D923.405/1248] 在馆    
5 860502   208605026   第一借阅区/ [索取号:D923.405/1248] 在馆    
唐山师范学院图书馆 欢迎您!
大连网信软件有限公司© 版权所有